Statistics for Biggest Cities in the UK (Updated)

Click here to take the quiz!

General Stats

  • This quiz has been taken 57 times
  • The average score is 18 of 20

Answer Stats

PopulationCity% Correct
1,161,258Birmingham
100%
505,310Edinburgh
100%
631,690Glasgow
100%
576,561Liverpool
100%
8,888,608London
100%
560,392Manchester
100%
586,781Bristol
98%
515,947Leeds
98%
340,000Belfast
94%
349,780Cardiff
94%
281,727Newcastle upon Tyne
92%
306,573Nottingham
91%
525,142Sheffield
89%
487,837Leicester
87%
266,934Southampton
87%
355,703Coventry
77%
370,185Bradford
72%
269,053Derby
64%
295,197Kingston upon Hull
64%
279,769Stoke-on-Trent
62%

Score Distribution

Percentile by Number Answered

Percent of People with Each Score

Your Score History

You have not taken this quiz